| 000 | 00749nam a22002297a 4500 | ||
|---|---|---|---|
| 010 | _aA-679899 | ||
| 020 |
_a8170124936 _c300.00 |
||
| 035 | _aA-679899 | ||
| 037 | _bCen Lib / Ret | ||
| 040 |
_aDPL _bEN |
||
| 082 |
_a346.0682 _bAVT |
||
| 100 | _aAvtar Singh | ||
| 245 |
_aLaw of partnership: _bcommentaries on the Partnership act with practice notes and assessment of firms for income tax purposes / _cby Avtar Singh |
||
| 250 | _a2nd ed | ||
| 260 |
_aLucknow _bEastern Book Co _c1993 |
||
| 270 |
_a1267, Kashmere Gate _bNew Delhi |
||
| 300 |
_alxxxiii, 775p. _b27cm(Hb) |
||
| 650 | _aPartnership -- India. | ||
| 650 | _aPartnership -- Taxation -- India. | ||
| 650 | _aPartnership. | ||
| 942 |
_2ddc _cEN _h346.0682 _mAVT |
||
| 999 |
_c136864 _d136864 |
||